Normal view
MARC view
- Alln,Bem.B،كفافي، علاء الدين، النيال،مايسه احمد ، سالم،سهير محمد/ترجمة
Entry Personal Name
001 - CONTROL NUMBER
- control field: 42921
003 - CONTROL NUMBER IDENTIFIER
- control field: JO-AjAnu
005 - DATE AND TIME OF LATEST TRANSACTION
- control field: 20230606081122.0
008 - FIXED-LENGTH DATA ELEMENTS
- fixed length control field: 230606|| aca||aabn | a|a d
040 ## - CATALOGING SOURCE
- Original cataloging agency: JO-AjAnu
- Transcribing agency: JO-AjAnu
100 ## - HEADING--PERSONAL NAME
- Personal name: Alln,Bem.B،كفافي، علاء الدين، النيال،مايسه احمد ، سالم،سهير محمد/ترجمة
670 ## - SOURCE DATA FOUND
- Source citation: Work cat.: (JO-AjAnu)21982: Alln,Bem.B،كفافي، علاء الدين، النيال،مايسه احمد ، سالم،سهير محمد/ترجمة, author, نظريات الشخصية :الارتقاء-النمو-التنوع